Michael Als 60th Birthday.

Trade unionist Michael Als 60th Birthday celebration at his home in Toco, Trinidad & Tobago.

Bibliographic Details
Format: Video
Language:English
Language Notes:In English.
Published: Trinidad and Tobago : Banyan Archive, [date of publication not identified]
Subjects:
Online Access:Connect to this streaming video (Alexander Street Press)

MARC

Tag First Indicator Second Indicator Subfields
LEADER 00000cgm a2200000Mi 4500
001 in00005595021
006 m o c
007 cr |n||||||||a
007 vz |za|z|
008 210917nuuuuuuuuxx 010 e o vneng d
005 20241201233719.8
035 |a (OCoLC)on1315780254 
040 |a Q2U  |b eng  |e rda  |c Q2U  |d OCLKB 
019 |a 1339500455  |a 1423557274 
035 |a (OCoLC)1315780254  |z (OCoLC)1339500455  |z (OCoLC)1423557274 
049 |a TXAM 
245 0 0 |a Michael Als 60th Birthday. 
264 1 |a Trinidad and Tobago :  |b Banyan Archive,  |c [date of publication not identified] 
300 |a 1 online resource (10 minutes) 
306 |a 000957 
336 |a two-dimensional moving image  |b tdi  |2 rdacontent 
337 |a computer  |b c  |2 rdamedia 
337 |a video  |b v  |2 rdamedia 
338 |a online resource  |b cr  |2 rdacarrier 
344 |a digital  |2 rdatr 
347 |a video file  |2 rda 
520 |a Trade unionist Michael Als 60th Birthday celebration at his home in Toco, Trinidad & Tobago. 
500 |a Title from resource description page (viewed September 17, 2021). 
546 |a In English. 
650 4 |a Cultural anthropology. 
655 4 |a Documentary. 
856 4 0 |u http://proxy.library.tamu.edu/login?url=https://www.aspresolver.com/aspresolver.asp?MARC;3277106  |z Connect to this streaming video (Alexander Street Press)  |t 0 
955 |a Alexander Street Press subscription streaming video 
994 |a 92  |b TXA 
999 f f |s e74a76c9-52c5-4abd-ad74-84247d87156d  |i 0ec890fe-bc75-4e0f-86fd-9f5347815175  |t 0 
952 f f |a Texas A&M University  |b College Station  |c Electronic Resources  |d Available Online  |t 0  |h Library of Congress classification 
998 f f |t 0  |l Available Online